header

The United States and Persian Gulf security (Record no. 68591)

MARC details
000 -LEADER
fixed length control field 01749nam a2200421Ia 4500
100 1# - MAIN ENTRY--AUTHOR NAME
Personal name Wright, Steven M.
245 14 - TITLE STATEMENT
Title The United States and Persian Gulf security
250 ## - EDITION STATEMENT
Edition statement 1st ed.
260 ## - PUBLICATION, DISTRIBUTION, ETC. (IMPRINT)
Place of publication Reading, UK :
Name of publisher Ithaca Press,
Year of publication c2007.
300 ## - PHYSICAL DESCRIPTION
Number of Pages v, 242 p.
490 1# - SERIES STATEMENT
Series statement Durham Middle East monographs
650 #0 - SUBJECT ADDED ENTRY--TOPICAL TERM
Topical Term War on Terrorism, 2001-2009.
856 40 - ELECTRONIC LOCATION AND ACCESS
Uniform Resource Identifier http://site.ebrary.com/lib/rucke/Doc?id=10302836

No items available.

© 2026 Rongo University
Contact us: librarian | system librarian | Rongo university